000
00294nam a22001337a 4500
008
170623b xxu||||| |||| 00| 0 eng d
020
_a
9780205408108
041
_a
eng
080
_2
6TH
_a
32
100
_a
21
101
_a
SHP
245
_a
SOCIAL WELFARE POLICY
_c
GILBERT,N
942
_2
udc
_c
BK
999
_c
18883
_d
18883